Správny súdny poriadok
Zákon č. 162/2015 Z.z. Správny súdny poriadok nadobudne účinnosť dňa 1.7.2016 a je posledným zákonom z trojice predpisov, ktorými sa rekodifikuje Občiansky súdny poriadok. Uvedený právny predpis je súčasťou Národného programu reforiem, ako aj opatrením pre uplatnenie ex ante kondicionalít.
Gespeichert in:
| 1. Verfasser: | |
|---|---|
| Format: | Buchkapitel |
| Sprache: | Slowakisch |
| Schlagworte: | |
| Tags: |
Keine Tags, Fügen Sie das erste Tag hinzu!
|
MARC
| LEADER | 00000naa a2200000 4500 | ||
|---|---|---|---|
| 001 | 0210373 | ||
| 005 | 20231120104858.1 | ||
| 041 | 0 | |a slo | |
| 044 | |a SK | ||
| 245 | 1 | 0 | |a Správny súdny poriadok |c Tibor Trizuliak |
| 520 | |a Zákon č. 162/2015 Z.z. Správny súdny poriadok nadobudne účinnosť dňa 1.7.2016 a je posledným zákonom z trojice predpisov, ktorými sa rekodifikuje Občiansky súdny poriadok. Uvedený právny predpis je súčasťou Národného programu reforiem, ako aj opatrením pre uplatnenie ex ante kondicionalít. | ||
| 610 | 2 | 0 | |a poriadok súdny občiansky |
| 610 | 2 | 0 | |a súdnictvo |
| 610 | 2 | 0 | |a správa verejná |
| 100 | 1 | |a Trizuliak, Tibor | |